Statistics for The Legend of Korra Quiz

Click here to take the quiz!

General Stats

  • This quiz has been taken 515 times
  • The average score is 17 of 28

Answer Stats

HintAnswer% Correct
The Avatar before KorraAang
99%
Leader of the EqualistsAmon
91%
Ability that Yakone and his two sons possessBloodbending
88%
Daughter of Hiroshi SatoAsami Sato
87%
Chief of police of Republic CityLin Beifong
87%
Pro bender brothers who compete with the Fire FerretsBolin
84%
Mako
84%
Korra's polar bear dogNaga
83%
Leader of the Air Nation at Air Temple IslandTenzin
80%
Firebending general of the United ForcesIroh
79%
The spirit of light and peaceRaava
73%
The spirit of darkness and chaosVaatu
68%
(Once imprisoned) members of the Red LotusZaheer
64%
Event which opens portals to the spirit worldHarmonic Convergence
55%
Fire LordIzumi
52%
The Dark AvatarUnalaq
52%
What Varrick called his newly invented form of entertainmentMovers
48%
P'Li
48%
Largest gang in Republic CityTriple Threat Triad
46%
Autonomous city-state founded by Suyin BeifongZaofu
44%
Company founded by Hiroshi SatoFuture Industries
43%
Earth EmperorKuvira
43%
Ming-Hua
37%
Ghazan
36%
Rival company led by Lau Gan-LanCabbage Corp
35%
New country formed after the end of the Hundred Year WarUnited Republic
34%
His second in commandThe Lieutenant
19%
Earth Queen who is murdered by the Red LotusHou-Ting
10%

Score Distribution

Percentile by Number Answered

Percent of People with Each Score

Your Score History

You have not taken this quiz